000 00303nam a22001337a 4500
008 171027b xxu||||| |||| 00| 0 eng d
020 _a9780201784800
041 _aeng
080 _a336
100 _a55
101 _aMEN
245 _aPRINCIPLES OF MANAGERIAL FINANCE
_cGITMAN, L.J
942 _2udc
_cBK
999 _c36040
_d36040